| 000 | 00651nam a2200241Ia 4500 | ||
|---|---|---|---|
| 003 | OSt | ||
| 005 | 20221005092121.0 | ||
| 006 | a|||||r|||| 00| 0 | ||
| 007 | ta | ||
| 008 | 221004b |||||||| |||| 00| 0 eng d | ||
| 024 | _a49678 | ||
| 037 | _cTextual | ||
| 040 |
_aCRL _cCRL _beng |
||
| 041 |
_2eng _aeng |
||
| 082 | _aT3.73, N2 | ||
| 100 |
_aCourtney Seam _9616903 |
||
| 245 | 0 | _aWhy adults learn towards a theory of participan in adult education | |
| 260 |
_aNew York _bRoutledge _c1992 |
||
| 300 |
_a191p _ccm. |
||
| 650 | _aADULT EDUCATION | ||
| 942 |
_hT3.73, N2 _cTEXL _2cc |
||
| 999 |
_c998369 _d998369 |
||